Topografía / (Registro nro. 518)
[ vista simple ]
| 000 -LEADER | |
|---|---|
| fixed length control field | 02117nam a2200325Ia 4500 |
| 003 - CONTROL NUMBER IDENTIFIER | |
| control field | PE SENCICO BE |
| 005 - DATE AND TIME OF LATEST TRANSACTION | |
| control field | 20251020182440.0 |
| 008 - FIXED-LENGTH DATA ELEMENTS--GENERAL INFORMATION | |
| fixed length control field | 200515s9999 xx a 000 0 und d |
| 020 ## - INTERNATIONAL STANDARD BOOK NUMBER | |
| International Standard Book Number | 968-18-6210-4 |
| 040 ## - CATALOGING SOURCE | |
| Original cataloging agency | PE SENCICO BE |
| Transcribing agency | PE SENCICO BE |
| 041 ## - LANGUAGE CODE | |
| Language code of text/sound track or separate title | spa |
| 082 ## - DEWEY DECIMAL CLASSIFICATION NUMBER | |
| Classification number | 526.9 |
| Edition information | M12 |
| 100 1# - MAIN ENTRY--PERSONAL NAME | |
| Personal name | McCormac, Jack C. |
| 9 (RLIN) | 562 |
| Relator term | autor |
| 245 10 - TITLE STATEMENT | |
| Title | Topografía / |
| Statement of responsibility, etc. | Jack McCormac; traductor: Uriel Texcalpa Villarruel |
| 250 ## - EDITION STATEMENT | |
| Edition statement | [1a ed.] |
| 260 ## - PUBLICATION, DISTRIBUTION, ETC. | |
| Place of publication, distribution, etc. | México, D.F.: |
| Name of publisher, distributor, etc. | Limusa Wiley, |
| Date of publication, distribution, etc. | 2004. |
| 300 ## - PHYSICAL DESCRIPTION | |
| Extent | 416 páginas : |
| Other physical details | ilustraciones graficos, diagramas, |
| Dimensions | 27 cm. |
| 505 0# - FORMATTED CONTENTS NOTE | |
| Formatted contents note | Introducción a las mediciones -- Introducción a la medición de distancias -- Correcciones de distancia -- Instrumentos electrónicos para medición de distancias -- Introducción a la nivelación -- Nivelación diferencial -- Ángulos y direcciones -- Medición de ángulos y direcciones con tránsitos, teodolitos y estaciones totales -- Estudio de diversos temas sobre ángulos -- Ajuste de poligonales y cálculo de áreas -- Cálculo con computadora y mediciones omitidas -- Levantamientos topográficos -- Sistema de posicionamiento global (Global Position System, GPS) -- Sistema de Información Geográfica -- Topografía aplicada a la construcción -- Volúmenes -- Levantamiento de terrenos o topografía de la propiedad -- Curvas horizontales -- Curvas verticales -- Topografía: la profesión |
| 520 3# - SUMMARY, ETC. | |
| Summary, etc. | El texto abarca desde las técnicas y los aparatos tradicionales hasta los avances mas recientes en el campo de la topografía. A lo largo de la obra el autor hace énfasis en los aspectos éticos de la profesión y en la seriedad e importancia que tiene el trabajo del topógrafo |
| 650 10 - SUBJECT ADDED ENTRY--TOPICAL TERM | |
| Topical term or geographic name entry element | Topografía |
| 9 (RLIN) | 4 |
| 650 20 - SUBJECT ADDED ENTRY--TOPICAL TERM | |
| Topical term or geographic name entry element | Instrumentos de topografía |
| 9 (RLIN) | 997 |
| 650 20 - SUBJECT ADDED ENTRY--TOPICAL TERM | |
| Topical term or geographic name entry element | Nivelación de terrenos |
| 9 (RLIN) | 3229 |
| 650 20 - SUBJECT ADDED ENTRY--TOPICAL TERM | |
| Topical term or geographic name entry element | Medición de superficies |
| 9 (RLIN) | 3205 |
| 650 20 - SUBJECT ADDED ENTRY--TOPICAL TERM | |
| Topical term or geographic name entry element | Levantamiento topográfico |
| 9 (RLIN) | 116 |
| 650 20 - SUBJECT ADDED ENTRY--TOPICAL TERM | |
| Topical term or geographic name entry element | GPS |
| 9 (RLIN) | 911 |
| 650 20 - SUBJECT ADDED ENTRY--TOPICAL TERM | |
| Topical term or geographic name entry element | Sistema de Posicionamiento Global |
| 9 (RLIN) | 3280 |
| 650 20 - SUBJECT ADDED ENTRY--TOPICAL TERM | |
| Topical term or geographic name entry element | Sistemas de Información Geográfica (SIG) |
| 9 (RLIN) | 125 |
| 650 20 - SUBJECT ADDED ENTRY--TOPICAL TERM | |
| Topical term or geographic name entry element | Ética profesional |
| 9 (RLIN) | 2303 |
| 942 ## - ADDED ENTRY ELEMENTS (KOHA) | |
| Koha item type | Libros |
| Source of classification or shelving scheme | Dewey Decimal Classification |
| Fecha de la última vez que lo usaron | Número de ingreso o de inventario | Pago total | Signatura topográfica completa | Código de barras | Precio efectivo desde | Tipo de documento | Estado perdido | Sistema de clasificación | Estado dañado | No es para préstamo | Retirado | Ubicación permanente | Ubicación actual | Fecha de adquisición | Número de ejemplar |
|---|---|---|---|---|---|---|---|---|---|---|---|---|---|---|---|
| 15/05/2020 | 13251 | 526.9/M12 | BibLima25100002 | 15/05/2020 | Libros | Dewey Decimal Classification | Biblioteca Central Lima | Biblioteca Central Lima | 15/05/2020 | ||||||
| 01/10/2025 | 14846 | 526.9/M12/ej. 2 | BibLima25100003 | 01/10/2025 | Libros | Dewey Decimal Classification | Biblioteca Central Lima | Biblioteca Central Lima | 01/10/2025 | 2 |